Music Quiz

Random Music Quiz

Out There Lyrics (Quasi's Solo) Quiz Stats

 Plays Quiz not verified by Sporcle

Challenge
Share
Tweet
Embed
Score 0/210 Timer 10:00
0 Plays Today
Answer % Correct
and
98.8%
the
98.8%
the
98.8%
a
98.8%
And
98.8%
the
98.8%
the
98.8%
and
98.8%
the
98.8%
and
98.8%
the
98.8%
and
98.8%
and
98.8%
and
98.8%
the
98.8%
the
98.8%
a
98.8%
and
98.8%
and
98.8%
them
97.6%
them
97.6%
day
97.6%
them
97.6%
them
97.6%
out
97.6%
there
97.6%
one
97.6%
day
97.6%
out
97.6%
there
97.6%
one
97.6%
out
97.6%
Out
97.6%
there
97.6%
one
97.6%
day
97.6%
there
97.6%
Out
97.6%
there
97.6%
them
97.6%
day
97.6%
them
97.6%
Out
97.6%
there
97.6%
out
97.6%
there
97.6%
there
97.6%
one
97.6%
day
97.6%
one
97.6%
day
97.6%
out
97.6%
there
97.6%
they
96.4%
they
96.4%
to
96.4%
in
96.4%
to
96.4%
they
96.4%
to
96.4%
they
96.4%
to
96.4%
be
96.4%
in
96.4%
be
96.4%
of
95.2%
me
95.2%
All
95.2%
my
95.2%
life
95.2%
Answer % Correct
I
95.2%
I
95.2%
me
95.2%
All
95.2%
my
95.2%
life
95.2%
I
95.2%
their
95.2%
me
95.2%
All
95.2%
my
95.2%
life
95.2%
I
95.2%
of
95.2%
me
95.2%
All
95.2%
I
95.2%
all
95.2%
their
95.2%
I
95.2%
their
95.2%
of
95.2%
I
95.2%
their
95.2%
I
95.2%
my
95.2%
I
95.2%
as
94%
as
94%
it
94%
part
94%
just
94%
is
94%
just
94%
it
94%
is
94%
Just
94%
not
92.9%
above
92.9%
But
92.9%
sun
92.9%
for
91.7%
Give
91.7%
live
91.7%
I'd
91.7%
give
91.7%
I'd
91.7%
live
91.7%
Every
91.7%
I'd
91.7%
every
91.7%
will
90.5%
ask
90.5%
wives
90.5%
these
89.3%
these
89.3%
stone
89.3%
never
89.3%
know
89.3%
hold
89.3%
forever
89.3%
about
89.3%
about
89.3%
have
89.3%
Safe
88.1%
behind
88.1%
watch
88.1%
wonder
88.1%
how
88.1%
pass
88.1%
Answer % Correct
What
88.1%
What
88.1%
among
88.1%
windows
86.9%
people
86.9%
down
86.9%
below
86.9%
up
86.9%
here
86.9%
alone
86.9%
knowing
86.9%
where
86.9%
see
86.9%
gift
86.9%
If
86.9%
treasure
86.9%
I'll
86.9%
content
86.9%
I'll
86.9%
spent
86.9%
parapets
85.7%
at
85.7%
go
85.7%
heedless
85.7%
skin
85.7%
Gazing
84.5%
faces
84.5%
feels
84.5%
dare
84.5%
can
84.5%
with
84.5%
Won't
84.5%
Won't
84.5%
won't
84.5%
hide
83.3%
histories
83.3%
memorize
83.3%
millers
83.3%
weavers
83.3%
swear
83.3%
share
83.3%
care
83.3%
show
82.1%
lives
82.1%
living
81%
unaware
81%
was
81%
instant
81%
by
81%
Taste
81%
morning
81%
like
81%
men
81%
despair
81%
hungry
79.8%
ordinary
79.8%
walk
78.6%
then
78.6%
resent
77.4%
Strolling
76.2%
Who
76.2%
Through
75%
roofs
75%
gables
75%
shout
71.4%
Seine
71.4%
freely
71.4%
scold
66.7%
Old
64.3%
bent
64.3%

You're not logged in!

Compare scores with friends on all Sporcle quizzes.
Join for Free
OR
Log In

You Might Also Like...

Show Comments

Extras

Created Apr 8, 2014ReportNominate
Tags:Disney Lyrics, Disney Songs

Top Quizzes Today


Score Distribution

Your Account Isn't Verified!

In order to create a playlist on Sporcle, you need to verify the email address you used during registration. Go to your Sporcle Settings to finish the process.

Report this User

Report this user for behavior that violates our Community Guidelines.

Details: